Meilleurs pays du monde en plongeon - Statistiques

Statistiques générales
  • Ce quiz a été pris 36 fois
  • Le résultat moyen est 25 sur 30
Statistiques - réponses
Rang Nombre de médailles
or + argent + bronze
Pays % Correct
Championnats du monde 1 214 Chine
97%
Jeux olympiques 2 92 Chine
97%
Cumul JO et Championnats du monde 1 306 Chine
97%
Championnats du monde 2 55 Etats-Unis
97%
Jeux olympiques 1 142 Etats-Unis
97%
Cumul JO et Championnats du monde 2 197 Etats-Unis
97%
Championnats du monde 9 24 Italie
88%
Jeux olympiques 10 11 Italie
88%
Cumul JO et Championnats du monde 9 35 Italie
88%
Championnats du monde 3 45 Russie
88%
Jeux olympiques 5 18 Russie
88%
Cumul JO et Championnats du monde 3 63 Russie
88%
Championnats du monde 8 25 Allemagne
82%
Jeux olympiques 3 23 Allemagne
82%
Cumul JO et Championnats du monde 6 48 Allemagne
82%
Championnats du monde 5 32 Australie
79%
Jeux olympiques 8 15 Australie
79%
Cumul JO et Championnats du monde 7 47 Australie
79%
Championnats du monde 4 34 Canada
79%
Jeux olympiques 8 15 Canada
79%
Cumul JO et Championnats du monde 4 49 Canada
79%
Championnats du monde 6 31 Royaume-Uni
79%
Jeux olympiques 5 18 Royaume-Uni
79%
Cumul JO et Championnats du monde 4 49 Royaume-Uni
79%
Championnats du monde 7 26 Mexique
76%
Jeux olympiques 7 17 Mexique
76%
Cumul JO et Championnats du monde 8 43 Mexique
76%
Jeux olympiques 4 21 Suède
68%
Cumul JO et Championnats du monde 10 21 Suède
68%
Championnats du monde 10 15 Ukraine
59%
Aucun quiz correspondant
Distribution des résultats
% des personnes avec chaque résultat
Percentile par nombre de réponses
Votre historique - résultats
Vous n’avez pas pris ce quiz